000 00868nmm a2200277 a 4500
001 ocm000702175
003 TR-IsHL
005 20201028124416.0
008 130902s2007 tu tur
007 cr cn
035 _a702175
_b(N$T)
050 0 4 _aPS1305.T9
_bH8 2007
090 0 4 _aPS1305.T9
_bH8 2007
100 1 _aTwain, Mark
245 1 0 _aHuckleberry Finn
_h[electronic resource] /
_cMark Twain ; çev. Deniz Işık
250 _a1. bs.
260 _aİstanbul :
_bBirleşik Yayın Grubu,
_c2007
300 _a101 p.
650 4 _aDil ve Edebiyat
650 4 _aLanguage and Literature
650 0 _aAmerikan romanı
650 0 _aAmerican fiction
650 7 _aLITERARY COLLECTIONS / American / General
_2bisacsh
700 1 _aIşık, Deniz
856 4 0 _uhttp://search.ebscohost.com/login.aspx?direct=true&scope=site&db=e011xww&AN=702175
999 _c2936
_d2936